Training research and education (Record no. 1353146)

MARC details
000 -LEADER
fixed length control field 00558nam a2200193Ia 4500
005 - DATE AND TIME OF LATEST TRANSACTION
control field 20250508154947.0
008 - FIXED-LENGTH DATA ELEMENTS--GENERAL INFORMATION
fixed length control field 008 250505s9999 xx 000 0 eng d
037 ## - SOURCE OF ACQUISITION
Stock number Books to be hide in OPAC
040 ## - CATALOGING SOURCE
Original cataloging agency FEDL
Language of cataloging eng
Transcribing agency FEDL
041 ## - LANGUAGE CODE
Language code of text/sound track or separate title eng
Source of code eng
084 ## - COLON CLASSIFICATION NUMBER
Classification number 001.42, GLA
Assigning agency FEDL
100 ## - MAIN ENTRY--PERSONAL NAME
Personal name Glaser Robert Ed.
9 (RLIN) 83694
245 #0 - TITLE STATEMENT
Title Training research and education
260 ## - PUBLICATION, DISTRIBUTION, ETC.
Place of publication, distribution, etc. New York, USA
Name of publisher, distributor, etc. John Wiley and Sons
Date of publication, distribution, etc. 1962
300 ## - PHYSICAL DESCRIPTION
Extent vii, 596p.
650 ## - SUBJECT ADDED ENTRY--TOPICAL TERM
Topical term or geographic name entry element Research Methods
942 ## - ADDED ENTRY ELEMENTS (KOHA)
Koha item type Books to be hide in OPAC
Classification part 001.42, GLA
Holdings
Withdrawn status Lost status Damaged status Not for loan Home library Current library Date acquired Total Checkouts Full call number Barcode Date last seen Price effective from Koha item type
        Department of Education Library Department of Education Library 2025-05-08   001.42, GLA EL0037644 2025-05-08 2025-05-08 Books to be hide in OPAC
Copyright @ Delhi University Library System